000
00311nam a2200133Ia 4500
005
20251222143109.0
008
251222s9999||||xx |||||||||||||| ||spa||
020
_a
950-808-029-9
082
_a
306.3/B44
100
_a
Bengoechea, Sonia
245
0
_a
El Mundo Moderno:
264
_b
Homo Sapiens
942
_c
LIB
999
_c
11096
_d
11096